000 00822nam a22002777a 4500
001 BR9903737
003 BR-BrBNA
005 20230928100457.0
007 ta
008 230509b bl.||||| |||| 00| 0 por d
040 _aBR-BrBNA
_bpor
_cBiblioteca Nacional de Agricultura
041 _a(Por)
072 _aQ80; H01
090 _ Q80 BR9903737
110 1 _aServico Nacional de Aprendizagem Rural, Curitiba, PR (Brasil). Administracao Regional do estado do Parana
245 1 _aDestino final de embalagens de agrotoxicos (produtos fitossanitarios)
260 3 _aCuritiba, PR (Brasil):
_c1997.
300 _a37 p.
500 _a18 ref.; 27 illus.
650 _aEmbalagem
650 _aAgrotoxico
650 _aReciclagem
650 _aExtensao Rural
909 _a202309
_bLucia
_c55
_dLucia Elande
942 _cBK
999 _c61479
_d61479